Communes de la Seine-Maritime (76) de plus de 10000 habitants - Statistiques

Statistiques générales
  • Ce quiz a été pris 72 fois
  • Le résultat moyen est 12 sur 21
Statistiques - réponses
Habitants Communes % Correct
116331 (préfecture) Rouen
100%
166462 Le Havre
98%
28599 Dieppe
94%
25954 Le Grand-Quevilly
81%
21935 Le Petit-Quevilly
79%
17961 Fécamp
77%
20188 Mont-Saint-Aignan
70%
15774 Elbeuf
66%
29039 Sotteville-lès-Rouen
66%
28653 Saint-Etienne-du-Rouvray
64%
11548 Yvetot
64%
14497 Bois-Guillaume
60%
12227 Barentin
55%
11618 Bolbec
49%
14420 Canteleu
49%
11005 Maromme
40%
15671 Montivilliers
40%
10690 Déville-lès-Rouen
38%
10392 Port-Jérôme-sur-Seine
19%
10414 Caudebec-lès-Elbeuf
15%
12287 Oissel-sur-Seine
15%
Aucun quiz correspondant
Distribution des résultats
% des personnes avec chaque résultat
Percentile par nombre de réponses
Votre historique - résultats
Vous n’avez pas pris ce quiz